| 000 | 01118 a2200241 4500 | ||
|---|---|---|---|
| 001 | 30463 | ||
| 005 | 20260407155615.0 | ||
| 008 | 260407a1975 arg spa d | ||
| 003 | AR-UNSa-BCEJYS | ||
| 040 |
_aAR-UNSa-BCEJYS _bspa _cAR-UNSa-BCEJYS |
||
| 080 |
_a330.56 _xRenta nacional. Producto nacional neto |
||
| 245 | 1 | 0 |
_aRenta nacional y nivel de precios _pcurso de teoría macroeconómica |
| 020 | _a84-206-2017-3 | ||
| 250 | _a2a. ed. | ||
| 264 | 1 |
_aMadrid : _bAlianza Editorial _c1975 |
|
| 300 |
_a348 p. _c20 cm. |
||
| 505 | _a1. Introducción - 2. Elementos de la teoría de la renta nacional - 3. Análisis avanzado de la renta nacional - 4. Nivel de precios e inflación - 5. Elementos de teoría del crecimiento y macrodinámica - 6. La función de consumo - 7. El sector monetario - 8. Producción, empleo e inversión - 9. El impacto del estado - 10. Políticas de estabilización económica - 11. Expectativas y ajuste dinámico - 12. El concepto de renta | ||
| 041 | _aspa | ||
| 942 | _cBK | ||
| 590 | _aniveau_biblio:m niveau_hierar:0 | ||
| 100 | 1 | _aBailey, Martin J. | |
| 700 | 1 | _aVergara, José | |
| 999 |
_c2093 _d2093 |
||